[Event "AUTO-OPEN-4151"]
[Site "http://www.queenalice.com/game.php?id=1604295"]
[Date "2020.3.26"]
[Round "1"]
[White "junipero"]
[Black "sabinobh"]
[Result "0-1"]
[WhiteElo "1929"]
[BlackElo "1278"]

1. d4 d5 2. c4 e6 3. Nc3 Nf6 4. e3 Be7 5. a3 O-O 6. Nf3 b6 7. b4 Bb7 8. c5 Nbd7
9. Bb2 Re8 10. Bb5 c6 11. Bd3 Qc7 12. O-O bxc5 13. dxc5 a5 14. Qc2 h6 15. Ne2
Ba6 16. Bxa6 Rxa6 17. Qc3 Rb8 18. h3 Qb7 19. Rfb1 axb4 20. axb4 Rxa1 21. Bxa1
Nxc5 22. Ned4 Nfe4 23. Qe1 Nd3 24. Qd1 Nxb4 25. Ne5 c5 26. Ndc6 Ra8 27. Nxe7+
Qxe7 28. f3 Nd6 29. Bc3 Nf5 30. e4 Ne3 31. Qc1 Nec2 32. Bxb4 Nxb4 33. exd5 exd5
34. f4 Re8 35. Qd1 f6 36. Ng6 Qe4 37. Nh4 Qe3+ 38. Kh1 Nd3 39. Qa4 Qe4 40. Qc2
Nf2+ 41. Qxf2 Qxb1+ 42. Kh2 Qe1 43. Qxc5 Qxh4 44. Qxd5+ Kh8 45. Qd7 Qxf4+ 46. g3
Re2+ 0-1

[Event "AUTO-OPEN-4151"]
[Site "http://www.queenalice.com/game.php?id=1604296"]
[Date "2020.3.26"]
[Round "1"]
[White "sabinobh"]
[Black "junipero"]
[Result "1-0"]
[WhiteElo "1226"]
[BlackElo "1944"]

1. d4 d5 2. c4 c6 3. cxd5 cxd5 4. Nf3 e6 5. Nc3 Nf6 6. Bg5 Be7 7. e3 O-O 8. Bd3
Nbd7 9. O-O h6 10. Bf4 a6 11. a4 Nb6 12. Qb3 Bd6 13. Rfc1 Bxf4 14. exf4 Nbd7 15.
Qc2 b6 16. Ne2 Bb7 17. Qc7 Rb8 18. f5 exf5 19. Bxf5 g6 20. Bxd7 Qxd7 21. Qxb6
Qe7 22. Nf4 Qd8 23. Qc7 Qxc7 24. Rxc7 Rfc8 25. Rac1 g5 26. Nd3 Rxc7 27. Rxc7 Bc8
28. Nfe5 Be6 29. b4 Ne8 30. Rc6 a5 31. b5 Ng7 32. Ra6 Rc8 33. Nc6 Kf8 34. Nde5
f6 35. b6 fxe5 36. b7 Re8 37. Ra8 1-0

[Event "AUTO-OPEN-4151"]
[Site "http://www.queenalice.com/game.php?id=1604309"]
[Date "2020.3.26"]
[Round "1"]
[White "sabinobh"]
[Black "dan2015"]
[Result "1-0"]
[WhiteElo "1100"]
[BlackElo "1361"]

1. d4 d5 2. c4 dxc4 3. Nf3 f6 4. e3 b5 5. a4 Qd7 6. axb5 Qxb5 7. Nbd2 Bg4 8.
Bxc4 Qh5 9. Qb3 Bxf3 10. Nxf3 Nh6 11. Qb7 e5 12. Qxa8 exd4 13. Qxb8+ Kd7 14.
Bb5+ Kd6 15. Ra6+ Kd5 16. Qb7+ 1-0

[Event "AUTO-OPEN-4151"]
[Site "http://www.queenalice.com/game.php?id=1604310"]
[Date "2020.3.26"]
[Round "1"]
[White "dan2015"]
[Black "sabinobh"]
[Result "0-1"]
[WhiteElo "1352"]
[BlackElo "1151"]

1. e4 e5 2. Nc3 Nc6 3. Nf3 g6 4. d4 exd4 5. Nxd4 Bg7 6. Nxc6 bxc6 7. h4 Qe7 8.
Bd3 Nf6 9. O-O O-O 10. Bg5 d6 11. Qf3 Qe5 12. Bxf6 Bxf6 13. g3 Rb8 14. Rab1 Be6
15. Qe3 Qa5 16. Be2 Rb6 17. Nd1 Qxa2 18. Nc3 Qa5 19. Ra1 Qe5 20. Rxa7 Rxb2 21.
Ra3 Rxc2 22. Rc1 Rxc1+ 23. Qxc1 Qc5 24. Qa1 Bd4 25. h5 Bxf2+ 26. Kf1 Bxg3 27.
Nd1 Bh3# 0-1

[Event "AUTO-BEG-669"]
[Site "http://www.queenalice.com/game.php?id=1605902"]
[Date "2020.4.4"]
[Round "1"]
[White "sabinobh"]
[Black "dan3"]
[Result "1-0"]
[WhiteElo "1188"]
[BlackElo "1155"]

1. d4 d5 2. c4 dxc4 3. Nf3 b6 4. e3 Nf6 5. Bxc4 Bg4 6. Bxf7+ Kxf7 7. Ne5+ Kg8 8.
Nxg4 c5 9. Nc3 e5 10. Qb3+ c4 11. Qxc4+ 1-0

[Event "AUTO-BEG-669"]
[Site "http://www.queenalice.com/game.php?id=1605903"]
[Date "2020.4.4"]
[Round "1"]
[White "dan3"]
[Black "sabinobh"]
[Result "0-1"]
[WhiteElo "1144"]
[BlackElo "1209"]

1. e4 e5 2. Nf3 d6 3. Nc3 Nc6 4. a3 g6 5. Bb5 Bd7 6. Bxc6 bxc6 7. d4 exd4 8.
Qxd4 Nf6 9. Bg5 Bg7 10. O-O h6 11. Bxf6 Qxf6 12. Qe3 O-O 13. Nd2 Qd4 14. Qd3
Rab8 15. Qe2 Rxb2 16. Qe3 Qxe3 17. fxe3 Bxc3 18. Nc4 Rxc2 19. Rab1 Bc8 20. Rb3
Ba6 21. Nxd6 cxd6 0-1

[Event "AUTO-BEG-669"]
[Site "http://www.queenalice.com/game.php?id=1605906"]
[Date "2020.4.4"]
[Round "1"]
[White "sabinobh"]
[Black "playagain"]
[Result "1-0"]
[WhiteElo "1308"]
[BlackElo "1234"]

1. d4 Nf6 2. c4 c6 3. Nf3 b5 4. cxb5 cxb5 5. e3 d5 6. Bxb5+ Bd7 7. Bxd7+ Qxd7 8.
Ne5 Qf5 9. Nc3 e6 10. g4 Qg5 11. h4 Qxg4 12. Nxg4 Nxg4 13. Qxg4 g6 14. Nxd5 exd5
15. Qc8+ Ke7 16. Qb7+ Nd7 17. Qxa8 a5 18. Qxa5 Kf6 19. Qxd5 Nb6 20. Qe5# 1-0

[Event "AUTO-BEG-669"]
[Site "http://www.queenalice.com/game.php?id=1605907"]
[Date "2020.4.4"]
[Round "1"]
[White "playagain"]
[Black "sabinobh"]
[Result "1-0"]
[WhiteElo "1253"]
[BlackElo "1337"]

1. c4 Nf6 2. Nf3 g6 3. Nc3 Bg7 4. e4 d6 5. d4 O-O 6. Be3 e5 7. d5 Ng4 8. g3 Nxe3
9. fxe3 a5 10. Bg2 Na6 11. O-O Bd7 12. a3 Bh6 13. Qe2 Qb8 14. Qd3 Nc5 15. Qd2
Nb3 16. Qc2 Nxa1 17. Rxa1 Bxe3+ 18. Kh1 b5 19. cxb5 Bxb5 20. Bf1 Bxf1 21. Rxf1
Qb6 22. Qd3 1-0

[Event "AUTO-OPEN-4172"]
[Site "http://www.queenalice.com/game.php?id=1611592"]
[Date "2020.5.10"]
[Round "1"]
[White "Polyphem"]
[Black "sabinobh"]
[Result "1-0"]
[WhiteElo "1805"]
[BlackElo "1349"]

1. d4 d5 2. c4 e6 3. Nc3 Nf6 4. Bg5 Be7 5. Nf3 h6 6. Bh4 O-O 7. Qc2 Nbd7 8. cxd5
exd5 9. e4 dxe4 10. Nxe4 Nxe4 11. Bxe7 Qxe7 12. O-O-O Ng5 13. Re1 Qf6 14. Ne5
Qf4+ 15. Kb1 Qxd4 16. Nxd7 Qxd7 17. Rd1 Qe7 18. Bd3 c5 19. h4 Ne6 20. Rhe1 1-0

[Event "AUTO-OPEN-4172"]
[Site "http://www.queenalice.com/game.php?id=1611593"]
[Date "2020.5.10"]
[Round "1"]
[White "sabinobh"]
[Black "Polyphem"]
[Result "0-1"]
[WhiteElo "1351"]
[BlackElo "1803"]

1. d4 d5 2. c4 e6 3. Nc3 Nf6 4. Bg5 Be7 5. e3 Nc6 6. Nf3 O-O 7. Rc1 a6 8. cxd5
exd5 9. Bd3 Bg4 10. Bb1 Ne4 11. Bxe7 Nxe7 12. Nxe4 dxe4 13. Bxe4 f5 14. Bxb7 Rb8
15. Qb3+ Kh8 16. Ne5 Bh5 17. Rc6 Qd5 18. Qxd5 Nxd5 0-1

[Event "AUTO-OPEN-4172"]
[Site "http://www.queenalice.com/game.php?id=1611620"]
[Date "2020.5.10"]
[Round "1"]
[White "Asspain"]
[Black "sabinobh"]
[Result "1-0"]
[WhiteElo "2158"]
[BlackElo "1347"]

1. e4 e5 2. Nf3 Nc6 3. Be2 Nf6 4. Nc3 Bc5 5. O-O d6 6. d3 h6 7. Be3 Bb6 8. Nd5
O-O 9. Nxb6 axb6 10. a3 Ng4 11. Qd2 d5 12. exd5 Qxd5 13. h3 Nxe3 14. fxe3 Be6
15. Rf2 Rad8 16. Raf1 e4 17. Ne1 Qe5 18. Qc3 Qxc3 19. bxc3 Ra8 20. dxe4 Rxa3 21.
Nd3 Rfa8 22. Nf4 Ne5 23. Nd5 Bxd5 24. exd5 1-0

[Event "AUTO-OPEN-4172"]
[Site "http://www.queenalice.com/game.php?id=1611621"]
[Date "2020.5.10"]
[Round "1"]
[White "sabinobh"]
[Black "Asspain"]
[Result "1-0"]
[WhiteElo "1321"]
[BlackElo "2155"]

1. d4 Nf6 2. c4 e5 3. dxe5 Ng4 4. Bf4 Nc6 5. Nf3 Bb4+ 6. Nbd2 Qe7 7. e3 Ngxe5 8.
Nxe5 Nxe5 9. Be2 Ng6 10. Bg3 Bd6 11. Bxd6 Qxd6 12. O-O O-O 13. Qc2 Qe7 14. c5
Rd8 15. Rfd1 d6 16. cxd6 Rxd6 17. Nf3 Rc6 18. Qa4 Bd7 19. Bb5 1-0